Zamestnanosť a sociálna kohézia v kontexte globalizácie konca 20. a začiatku 21. storočia
Sociálne a zamestnanecké dôsledky globalizácie - globálny trh práce, transformácia sociálneho modelu. Nové väzby v oblasti ekonomického rastu a rastu zamestnanosti. Ekonomický rast neprináša nové pracovné miesta, lepšie hospodárske výsledky sa dosahujú pri poklese zamestnanosti. Nadbytok zdrojov pra...
Uložené v:
| Hlavný autor: | |
|---|---|
| Médium: | Kapitola |
| Jazyk: | Slovak |
| Predmet: | |
| Tagy: |
Žiadne tagy, Buďte prvý, kto otaguje tento záznam!
|
MARC
| LEADER | 00000nla$a2200000$$$4500 | ||
|---|---|---|---|
| 001 | 0056775 | ||
| 005 | 20240502083139.6 | ||
| 041 | 0 | |a slo | |
| 044 | |a CZ | ||
| 245 | 1 | 0 | |a Zamestnanosť a sociálna kohézia v kontexte globalizácie konca 20. a začiatku 21. storočia |c Pavlína Ivanová |
| 520 | |a Sociálne a zamestnanecké dôsledky globalizácie - globálny trh práce, transformácia sociálneho modelu. Nové väzby v oblasti ekonomického rastu a rastu zamestnanosti. Ekonomický rast neprináša nové pracovné miesta, lepšie hospodárske výsledky sa dosahujú pri poklese zamestnanosti. Nadbytok zdrojov pracovných síl v závislosti s predlžovaním pracovného času a posúvaním veku odchodu do dôchodku. Vývoj na pracovnom trhu v USA a v Európskej únii. | ||
| 610 | 2 | 0 | |a zamestnanosť |
| 610 | 2 | 0 | |a globalizácia |
| 610 | 2 | 0 | |a nezamestnanosť |
| 610 | 2 | 0 | |a miesta pracovné |
| 610 | 2 | 0 | |a politika sociálna |
| 610 | 2 | 0 | |a trh práce |
| 610 | 2 | 0 | |a produktivita práce |
| 610 | 2 | 0 | |a mzdy |
| 610 | 2 | 0 | |a USA |
| 610 | 2 | 0 | |a Európska únia |
| 100 | 1 | |a Ivanová, Pavlína | |